| 000 | 00742nam a22002537a 4500 | ||
|---|---|---|---|
| 008 | 130826b xxu||||| |||| 00| 0 eng d | ||
| 020 | _a0-340-65202-0 | ||
| 024 | _cAvailable | ||
| 037 | _cAvailable | ||
| 040 |
_aMBSTU LIBRARY _dMBSTU LIBRARY |
||
| 082 |
_222 _a818 HOP |
||
| 100 | _aCook, Vivian. | ||
| 245 | _aSecond language learning and language teaching. | ||
| 250 | _a2nd ed. | ||
| 260 |
_aLondon _bArnold Group. _c1996 |
||
| 300 |
_a23 cm _b228 page _f1 _g23 cm. |
||
| 600 | _2Miscellaneous writings. | ||
| 650 | _2Miscellaneous writings. | ||
| 700 | _aCook, Vivian. | ||
| 270 |
_aLondon _bLondon _dU.K |
||
| 365 |
_b1716.00 _d1716.00 |
||
| 942 |
_2ddc _cBK |
||
| 999 |
_c627 _d627 |
||